Statistics for Guess the Letter-shaped Flags #10

Click here to take the quiz!

General Stats

  • This quiz has been taken 33 times
  • The average score is 14 of 16

Answer Stats

Answer% Correct
Brazil
100%
Ukraine
100%
Dominica
97%
Fiji
97%
South Africa
97%
Zimbabwe
97%
Chile
93%
Greece
93%
Azerbaijan
87%
Seychelles
87%
Namibia
83%
North Macedonia
83%
Federated States of Micronesia
80%
Ivory Coast
80%
Togo
80%
Maldives
77%

Score Distribution

Percentile by Number Answered

Percent of People with Each Score

Your Score History

You have not taken this quiz